MARC

LEADER 00000nam0a2200000 4500
001 251354
005 20231101232641.0
020 |a RU  |b 89-16425 
035 |a (RuTPU)RU\TPU\book\273633 
090 |a 251354 
100 |a 20140220d1989 k y0rusy5003 ca 
101 0 |a rus 
102 |a RU 
105 |a y z 001zy 
200 1 |a Творческие методы и художественные системы  |f И. Ф. Волков 
205 |a 2-е изд., испр. и доп. 
210 |a Москва  |c Искусство  |d 1989 
215 |a 250 с. 
320 |a Библиогр. в примеч. 
606 1 |a Эстетика аналитическая  |2 stltpush  |3 (RuTPU)RU\TPU\subj\21435  |9 46432 
610 1 |a художественный метод 
610 1 |a литература 
610 1 |a искусство 
610 1 |a гуманистический этап 
610 1 |a классицизм 
610 1 |a Просвещение 
610 1 |a романтизм 
610 1 |a критический реализм 
610 1 |a социалистический реализм 
686 |a Ю802  |2 rubbk 
700 1 |a Волков  |b И. Ф.  |g Иван Федорович 
801 0 |a RU  |b RuMRKP  |c 19950417  |g psbo 
801 1 |a RU  |b 63413507  |c 20140220 
801 2 |a RU  |b 63413507  |c 20140529  |g RCR 
942 |c BK